Pittsburgh Penguins 2025-2026 Roster - Statistics

General Stats
  • This quiz has been taken 35 times
    33 since last reset
  • The average score is 16 of 28
Answer Stats
Jersey # Pos Player % Correct
87 C Sidney Crosby
100%
71 C Evgeni Malkin
96%
58 D Kris Letang
96%
65 D Erik Karlsson
88%
35 G Tristan Jarry
88%
17 RW Bryan Rust
85%
39 RW Anthony Mantha
81%
16 RW Justin Brazeau
81%
81 C Ben Kindel
77%
67 RW Rickard Rakell
77%
37 G Arturs Silovs
73%
5 D Ryan Shea
69%
46 C Blake Lizotte
62%
19 C Connor Dewar
54%
55 C Noel Acciari
50%
75 D Connor Clifton
46%
45 D Harrison Brunicke
46%
24 D Mathew Dumba
46%
13 RW Kevin Hayes
42%
2 RW Rutger McGroarty
42%
18 C Tommy Novak
42%
28 D Parker Wotherspoon
38%
30 G Joel Blomqvist
35%
53 RW Philip Tomasino
31%
82 D Caleb Jones
27%
41 RW Ville Koivunen
23%
11 C Filip Hallander
19%
9 LW Tanner Howe
0%
No matching quizzes found
Score Distribution
Percent of People with Each Score
Percentile by Number Answered
Your Score History
You have not taken this quiz since the last reset